| 000 | 00414cam a22001217a 4500 | ||
|---|---|---|---|
| 008 | 180718b-- xxu||||| |||| 00| 0 eng d | ||
| 082 | _aL806x5443 F | ||
| 245 | _aFinance accounts, Goa | ||
| 260 |
_aPanaji _bComptroller and Auditor General of India _c-- |
||
| 500 | _aLibrary has 1998/99, 2000/01-2003/04 | ||
| 650 | _aFinance, Public - Auditing - India - Goa | ||
| 700 | _aGoa. Comptroller and Auditor General of India | ||
| 999 |
_c481689 _d481689 |
||